La coppia umana trinità creata (Record n. 211868)

Dettagli MARC
000 -LEADER
fixed length control field 01146nam a2200205Ia 4500
001 - CONTROL NUMBER
control field b5296-35287
003 - CONTROL NUMBER IDENTIFIER
control field IT-MiCISF
008 - FIXED-LENGTH DATA ELEMENTS--GENERAL INFORMATION
fixed length control field 161014s9999||||xx |||||||||||||| ||und||
040 ## - CATALOGING SOURCE
Original cataloging agency IT-MiCISF
Transcribing agency IT-MiCISF
041 ## - LANGUAGE CODE
Language code of text/sound track or separate title it
999 ## - SYSTEM CONTROL NUMBERS (KOHA)
Koha Dewey Subclass [OBSOLETE] si
100 ## - MAIN ENTRY--PERSONAL NAME
Personal name Bonomi Gabriele
245 #0 - TITLE STATEMENT
Title La coppia umana trinità creata
250 ## - EDITION STATEMENT
Edition statement 1a ed.
260 ## - PUBLICATION, DISTRIBUTION, ETC. (IMPRINT)
Place of publication, distribution, etc. Pavia
Name of publisher, distributor, etc. Bonomi Editore
Date of publication, distribution, etc. 2001
300 ## - PHYSICAL DESCRIPTION
Extent pp. 86
500 ## - GENERAL NOTE
General note / matrimonio-sacramento, ministero-coniugale, bibbia / Il volume intende essere una trattazione sistematica della realtà della coppia sessuata in quanto voluta e creata appositamente ad "immagine e somiglianza" del Creatore. L'uomo e la donna sono chiamati a vivere analogicamente e simbolicamente la stessa relazione interpersonale e comunionale d'amore che è in Dio. Il sacramento del matrimonio viene perciò presentato e illustrato come una concreta forma di trinitizzazione (incarnazione del mistero della comunione trinitaria), che giunge fino a costituire, nell'ambito della Chiesa, un particolare e ben definito Ordo Coniugalis.
650 ## - SUBJECT ADDED ENTRY--TOPICAL TERM
Topical term or geographic name as entry element Temi di pastorale / matrimonio
Relator term 012
942 ## - ADDED ENTRY ELEMENTS (KOHA)
Koha item type LIBRO
957 ## -
-- 1
999 ## - SYSTEM CONTROL NUMBERS (KOHA)
-- 1
Dati di copia
Withdrawn status Lost status Damaged status Not for loan Home library Current library Date acquired Total Checkouts Full call number Date last seen Price effective from Koha item type Public note
    Buone Condizioni Not For Loan CISF - Milano CISF - Milano 14/10/2016   b5296-35287 14/10/2016 14/10/2016 LIBRO Data import 15.10.2016 / by Epidotti, Vaglietti
CREDITS: SOCIETA' SAN PAOLO Via A.Severo, 58 - ROMA (RM) & PERIODICI SAN PAOLO SRL Via Giotto, 36 MILANO & CISF Via Giotto, 36 MILANO & EDIZIONI SAN PAOLO SRL,  Piazza Soncino, 5 CINISELLO BALSAMO (MI) -- ITALY